Essentials of corporate finance. / (Record no. 1269)
[ view plain ]
| 000 -LEADER | |
|---|---|
| fixed length control field | 01729nam a22002057a 4500 |
| 008 - FIXED-LENGTH DATA ELEMENTS--GENERAL INFORMATION | |
| fixed length control field | 120612t xxu||||| |||| 00| 0 eng d |
| 020 ## - INTERNATIONAL STANDARD BOOK NUMBER | |
| International Standard Book Number | 0073659452 |
| 050 ## - LIBRARY OF CONGRESS CALL NUMBER | |
| Classification number | HG4026.R675 |
| 100 ## - MAIN ENTRY--PERSONAL NAME | |
| Personal name | Ross, Stephen A. |
| 245 ## - TITLE STATEMENT | |
| Title | Essentials of corporate finance. / |
| Statement of responsibility, etc. | Stephen A. Ross, Randolph W. Westerfield and Bradford D. Jordan |
| 250 ## - EDITION STATEMENT | |
| Edition statement | 2nd ed. |
| 260 ## - PUBLICATION, DISTRIBUTION, ETC. | |
| Place of publication, distribution, etc. | U.S.A.: |
| Name of publisher, distributor, etc. | McGraw Hill, |
| Date of publication, distribution, etc. | c1999. |
| 300 ## - PHYSICAL DESCRIPTION | |
| Extent | xxxiv, 540p. |
| Other physical details | ill |
| Dimensions | 26cm. |
| 500 ## - GENERAL NOTE | |
| General note | Includes index. |
| 505 ## - FORMATTED CONTENTS NOTE | |
| Formatted contents note | Contents: Overview of financial management -- Introduction to financial management -- Understanding financial statements and cash flow -- Financial statements, taxes, and cash flow -- Working with financial statements -- Valuation of future cash flows -- Introduction to valuation: the time value of money -- Discounted cash flow valuation -- Valuing stocks and bonds -- Interest rates and bond valuation -- Equity markets and stock valuation -- Capital budgeting -- Net present value and other investment criteria -- Making capital investment decisions -- Risk and return -- Some lessons from capital market history -- Risk and return -- Long-term financing -- Cost of capital -- Leverage and capital structure -- Dividends and dividend policy -- Raising capital -- Short-term financial mangement -- Short-term financial planning -- Working capital management -- Topics in business finance -- International aspects of financial management -- Appendix A: Mathematical tables -- Appendix B: Key equations -- Appendix C: Answers to selected end-of-chapter -- Appendix D: Using the HP-10B and BA II plus financial calculators. |
| 650 ## - SUBJECT ADDED ENTRY--TOPICAL TERM | |
| Topical term following geographic name entry element | Corporate finance. |
| 700 ## - ADDED ENTRY--PERSONAL NAME | |
| Personal name | Westerfield, Randolph W. |
| 700 ## - ADDED ENTRY--PERSONAL NAME | |
| Personal name | Jordan, Bradford D. |
| 942 ## - ADDED ENTRY ELEMENTS (KOHA) | |
| Source of classification or shelving scheme | Library of Congress Classification |
| Koha item type | Books |
| Withdrawn status | Lost status | Source of classification or shelving scheme | Damaged status | Not for loan | Home library | Current library | Shelving location | Date acquired | Total Checkouts | Full call number | Barcode | Date last seen | Copy number | Price effective from | Koha item type |
|---|---|---|---|---|---|---|---|---|---|---|---|---|---|---|---|
| Library of Congress Classification | WISCONSIN INTERNATIONAL UNIVERSITY COLLEGE, GHANA - MAIN LIBRARY | WISCONSIN INTERNATIONAL UNIVERSITY COLLEGE, GHANA - MAIN LIBRARY | General Stacks | 12/06/2012 | HG4026.R675 | 3206/12 | 12/06/2012 | 1 | 12/06/2012 | Books | |||||
| Library of Congress Classification | WISCONSIN INTERNATIONAL UNIVERSITY COLLEGE, GHANA - MAIN LIBRARY | WISCONSIN INTERNATIONAL UNIVERSITY COLLEGE, GHANA - MAIN LIBRARY | General Stacks | 12/06/2012 | HG4026.R6751 | 3207/12 | 12/06/2012 | 2 | 12/06/2012 | Books | |||||
| Library of Congress Classification | WISCONSIN INTERNATIONAL UNIVERSITY COLLEGE, GHANA - MAIN LIBRARY | WISCONSIN INTERNATIONAL UNIVERSITY COLLEGE, GHANA - MAIN LIBRARY | General Stacks | 12/06/2012 | HG4026.R6752 | 3208/12 | 12/06/2012 | 3 | 12/06/2012 | Books | |||||
| Library of Congress Classification | WISCONSIN INTERNATIONAL UNIVERSITY COLLEGE, GHANA - MAIN LIBRARY | WISCONSIN INTERNATIONAL UNIVERSITY COLLEGE, GHANA - MAIN LIBRARY | General Stacks | 12/06/2012 | HG4026.R6753 | 3209/12 | 12/06/2012 | 4 | 12/06/2012 | Books |
